000 00458nam a2200169Ia 4500
005 20250423100333.0
008 250422s9999 xx 000 0 und d
020 _a9789789398980
050 _aHJ 4793.7 .D86
100 _aDunmade, A. A.
245 0 _aNigeria’s new personal income tax: tax effect of money laundering on terrorist financing
260 _aLagos
260 _bModern Printing Press
260 _c2015
300 _a252 p
942 _cBK
999 _c33003
_d33003